Odmiana Czasownika sein - klikanie - Statystyki

Ogólne statystyki
  • Ten quiz został rozwiązany 18 razy
  • Średni wynik to 7 z 9
Statystyki odpowiedzi
Hint Odpowiedź % Poprawnych
ich Bin
94%
du Bist
82%
es Ist
82%
wir Sind
82%
er Ist
76%
sie(l.p) Ist
65%
ihr Seid
59%
sie(l.m) Sind
59%
Sie Sind
59%
Nie znaleziono quizów pasujących do podanych kryteriów
Rozkład punktacji
Procent ludzi z każdym wynikiem
Percentyl według liczby udzielonych odpowiedzi
Twoja historia wyników
Nie rozwiązałeś tego quizu